| 000 | 00804nam a2200253Ia 4500 | ||
|---|---|---|---|
| 005 | 20260601193301.0 | ||
| 008 | 260601s9999||||xx |||||||||||||| ||und|| | ||
| 020 |
_a978-3-031-76163-8 _qebk |
||
| 100 | _aUjjwal Baid | ||
| 245 | 0 | _aBrain Tumor Segmentation, and Cross-Modality Domain Adaptation for Medical Image Segmentation | |
| 250 | _a2024 | ||
| 260 |
_aHeidelberg, Germany _bSpringer Nature _c2024 |
||
| 440 | _aLecture Notes in Computer Science | ||
| 650 | _aComputer Science | ||
| 700 | _aAlessandro Crimi | ||
| 700 | _aMonika Pytlarz | ||
| 700 | _aNavodini Wijethilake | ||
| 700 | _aReuben Dorent | ||
| 700 | _aRuisheng Su | ||
| 700 | _aSpyridon Bakas | ||
| 700 | _aSylwia Malec | ||
| 856 | _uhttps://link.springer.com/openurl?genre=book&isbn=978-3-031-76163-8 | ||
| 942 |
_cEB _2ddc |
||
| 999 |
_c57021 _d57021 |
||